<?xml version="1.0" encoding="UTF-8"?>
<record
    xmlns:xsi="http://www.w3.org/2001/XMLSchema-instance"
    xsi:schemaLocation="http://www.loc.gov/MARC21/slim http://www.loc.gov/standards/marcxml/schema/MARC21slim.xsd"
    xmlns="http://www.loc.gov/MARC21/slim">

  <leader>00934nam a22002057a 4500</leader>
  <controlfield tag="003">OSt</controlfield>
  <controlfield tag="005">20130522130541.0</controlfield>
  <controlfield tag="008">130522s1996       ||||| |||| 00| 0 eng d</controlfield>
  <datafield tag="040" ind1=" " ind2=" ">
    <subfield code="c">CDMR</subfield>
  </datafield>
  <datafield tag="245" ind1=" " ind2=" ">
    <subfield code="a">Prime time for children</subfield>
    <subfield code="b">: media, ethics and reporting of commercial sexual exploitation</subfield>
    <subfield code="c">prepared by Kate Holman and Aidan White ; International Federation of Journalists</subfield>
  </datafield>
  <datafield tag="260" ind1=" " ind2=" ">
    <subfield code="a">Stockholm</subfield>
    <subfield code="c">1996</subfield>
  </datafield>
  <datafield tag="500" ind1=" " ind2=" ">
    <subfield code="a">Pon&#xE8;ncia per al World Congress on Commercial Sexual Exploitation of Children, August 27-31 1996, Stockholm</subfield>
  </datafield>
  <datafield tag="650" ind1="0" ind2="4">
    <subfield code="9">3487</subfield>
    <subfield code="a">Mitjans de comunicaci&#xF3; de massa i infants</subfield>
  </datafield>
  <datafield tag="650" ind1="0" ind2="4">
    <subfield code="9">3195</subfield>
    <subfield code="a">Drets humans</subfield>
  </datafield>
  <datafield tag="700" ind1="1" ind2=" ">
    <subfield code="9">1894</subfield>
    <subfield code="a">Holman, Kate</subfield>
  </datafield>
  <datafield tag="700" ind1="1" ind2=" ">
    <subfield code="9">3206</subfield>
    <subfield code="a">White, Aidan</subfield>
  </datafield>
  <datafield tag="710" ind1="2" ind2=" ">
    <subfield code="9">997</subfield>
    <subfield code="a">International Federation of Journalists</subfield>
  </datafield>
  <datafield tag="856" ind1="4" ind2="0">
    <subfield code="u">http://www.csecworldcongress.org/PDF/en/Stockholm/Background_reading/Theme_papers/Theme%20paper%20Media%201996_EN.pdf</subfield>
    <subfield code="y">Disponible en l&#xED;nia (pdf)</subfield>
  </datafield>
  <datafield tag="942" ind1=" " ind2=" ">
    <subfield code="2">udc</subfield>
    <subfield code="c">PON</subfield>
  </datafield>
  <datafield tag="999" ind1=" " ind2=" ">
    <subfield code="c">6298</subfield>
    <subfield code="d">6298</subfield>
  </datafield>
  <datafield tag="952" ind1=" " ind2=" ">
    <subfield code="0">0</subfield>
    <subfield code="1">0</subfield>
    <subfield code="4">0</subfield>
    <subfield code="7">0</subfield>
    <subfield code="a">CDMR</subfield>
    <subfield code="b">CDMR</subfield>
    <subfield code="d">2013-01-16</subfield>
    <subfield code="l">0</subfield>
    <subfield code="o">Bc</subfield>
    <subfield code="p">CDMR13056487</subfield>
    <subfield code="r">2013-05-22</subfield>
    <subfield code="w">2013-05-22</subfield>
    <subfield code="y">PON</subfield>
  </datafield>
</record>
